Verdades poéticas / (Record no. 161297)

MARC details
000 -LEADER
campo de control de longitud fija 01053nam a2200229 i 4500
001 - NÚMERO DE CONTROL
campo de control 161297
003 - IDENTIFICADOR DE NÚMERO DE CONTROL
campo de control ES-MaACL
005 - FECHA Y HORA DE LA ÚLTIMA TRANSACCIÓN
campo de control 20250921063036.0
008 - DATOS DE LONGITUD FIJA--INFORMACIÓN GENERAL
campo de control de longitud fija 990129s1890 sp |||| | spa d
080 ## - NÚMERO DE LA CLASIFICACIÓN DECIMAL UNIVERSAL
Número de la Clasificación Decimal Universal 821.134.2-14"18"
100 1# - ENTRADA PRINCIPAL--NOMBRE DE PERSONA
Nombre de persona Palau y Catalá, Melchor de,
Fechas asociadas al nombre 1843-1910
9 (RLIN) 130794
245 10 - MENCIÓN DEL TÍTULO
Título Verdades poéticas /
Mención de responsabilidad, etc. Melchor de Palau.
250 ## - MENCION DE EDICION
Mención de edición 3ª ed. aum. e il. /
Resto de la mención de edición con prólogo de Don José R. Carracido.
260 ## - PUBLICACIÓN, DISTRIBUCIÓN, ETC.
Lugar de publicación, distribución, etc. Madrid :
Nombre del editor, distribuidor, etc. [s.n.],
Fecha de publicación, distribución, etc. 1890 (
Fabricante Tip. de los Huérfanos)
300 ## - DESCRIPCIÓN FÍSICA
Extensión 80 p. ;
Dimensiones 20 cm.
530 ## - NOTA DISPONIBLE DE FORMULARIO FÍSICO ADICIONAL
Nota de formato físico adicional disponible Disponible en formato digital.
700 1# - ENTRADA AGREGADA--NOMBRE PERSONAL
Nombre de persona Rodríguez Carracido, José,
Fechas asociadas al nombre 1856-1928
9 (RLIN) 98407
852 4# - LOCALIZACIÓN
Ubicación ES-MaACL
Número de control de estantería T-581-F-3
Nota libre - Enc. hol. conservando cub. original
-- - Enc. en un vol. facticio
-- - Dedicatoria autógrafa del autor
852 4# - LOCALIZACIÓN
Ubicación ES-MaACL
Número de control de estantería T-1114-F-1
Nota libre - Enc. hol. conservando cub. original
-- - Enc. en un vol. facticio
-- - Dedicatoria autógrafa del autor
856 4# - LOCALIZACIÓN Y ACCESO ELECTRÓNICOS
Identificador Uniforme de Recursos <a href="https://mdc.csuc.cat/digital/collection/fulletsAB/id/13124 ">https://mdc.csuc.cat/digital/collection/fulletsAB/id/13124 </a>
Nota pública Ateneu Barcelonès
Holdings
Estatus retirado Estado de pérdida Estado de daño No para préstamo Colección Biblioteca de origen Biblioteca actual Ubicación en estantería Fecha de adquisición Total de préstamos Signatura topográfica completa Código de barras Visto por última vez Precio de reemplazo Tipo de ítem Koha
        Colección de folletos Biblioteca del Ateneo de Madrid Biblioteca del Ateneo de Madrid Depósito folletos 17/01/2008   T-581-F-3 1168948 23/02/2023 23/02/2023 Folleto
        Colección de folletos Biblioteca del Ateneo de Madrid Biblioteca del Ateneo de Madrid Depósito folletos 17/01/2008   T-1114-F-1 1168947 23/02/2023 23/02/2023 Folleto